Journal of Retailing and Consumer Services
Guardado en:
| Formato: | Seriadas |
|---|---|
| Lenguaje: | inglés |
| Publicado: |
London
Elsevier
|
| Etiquetas: |
Sin Etiquetas, Sea el primero en etiquetar este registro!
|
MARC
| LEADER | 00000nas1a2200000 4500 | ||
|---|---|---|---|
| 001 | 0303883 | ||
| 005 | 20250627113003.8 | ||
| 022 | |a 0969-6989 | ||
| 022 | |a 1873-1384 | ||
| 041 | 0 | |a eng | |
| 044 | |a GN | ||
| 245 | 1 | 0 | |a Journal of Retailing and Consumer Services |
| 264 | 1 | |a London |b Elsevier | |